000
00318nam a22001337a 4500
008
170615b xxu||||| |||| 00| 0 eng d
020
_a
9780874518528
041
_a
eng
080
_a
94(7/8)
100
_a
16
101
_a
SHH
245
_a
THE PURITAN TRADITION IN AMERICA, 1620-1730
_c
VAUGHAN,A.T
942
_2
udc
_c
BK
999
_c
17466
_d
17466